| 000 | 00770nam a2200253 a 4500 | ||
|---|---|---|---|
| 003 | DO-SdBNP | ||
| 005 | 20220610103333.0 | ||
| 007 | ta | ||
| 008 | 220607b2022 cu ac||er|||| 001 1dspa d | ||
| 020 | _a9789945929904 | ||
| 040 |
_aDO-SdBNP _bspa _cBNPHU |
||
| 082 | 4 |
_222 _bM917m |
|
| 245 |
_aMemorias del mar de Dirac. / _cErick J. Mota |
||
| 260 |
_a[Santo Domingo] : _bÚltimos Monstruo (UME), _c2022 |
||
| 300 |
_a263 p. : _c19 cm. |
||
| 490 | _aInti Huamán | ||
| 500 | _aIncluye datos biográficos del autor, p. 264- 265 | ||
| 590 | _aInventariado 2022 / MF | ||
| 650 | 4 |
_95014 _aNovela de Ciencia Ficción cubana |
|
| 650 | 4 |
_919777 _aLiteratura cubana _xCrítica e Interpretación |
|
| 830 |
_aInti Huamán _980628 |
||
| 910 | _aMFeliz | ||
| 942 |
_2ddc _cLBS1 |
||
| 999 |
_c51954 _d51954 |
||